000 01067nam a22003137a 4500
003 CHAP
005 20220329135456.0
008 971013s1967 r 00010 d
010 _a37149
011 _a38121
035 _a42241
040 _cCHAP
082 _a572
_bP3
100 0 0 _aPalerm, Angel.
_984917
245 _aIntroducción a la teoría etnológica
260 _aMéxico :
_bUniversidad Iberoamericana. Instituto de Ciencias Sociales,
_c(1967)
300 _a387 p.
490 _aColección del estudiante de ciencias sociales
_v; 1
590 _aBATCH-UPD
_b10
_c20130110
_lUCH01
_h1319
590 _aBATCH-UPD
_b10
_c20130410
_lUCH01
_h0829
590 _aBATCH-UPD
_b10
_c20130914
_lUCH01
_h1004
590 _aCONVERSION
_b10
_c20130109
_lUCH01
_h1321
650 1 4 _aEtnología.
_938653
830 0 _aColección del estudiante de ciencias sociales
_v; 1
_924816
901 _aBK
942 _cLIBRO
949 _a572 P3
_bBC
_cLIBRO
_d-97290
_eLIBRO
_h15150
_i42241
_si
_t35.00
949 _a572 P3
_bBC
_cLIBRO
_d33724000242327
_eLIBRO
_fc.3
_h15152
_i42241
_si
_t35.00
999 _c37149
_d37149